| 000 | 00881nam a22002415i 4500 | ||
|---|---|---|---|
| 001 | 12975 | ||
| 003 | ES-MaACL | ||
| 005 | 20230906150445.0 | ||
| 007 | t| | ||
| 008 | 960228s1995 sp ||||0| spa j | ||
| 020 | _a84-7812-304-0 | ||
| 040 |
_aM-BN _bspa _cM-BN |
||
| 080 | _a352(460).075.26 | ||
| 080 | _a352(460.27 M.).075.26(091) | ||
| 245 | 0 | 3 |
_aEl teniente de alcalde _b: historia y legislación / _cinvestigación dirigida y coordinada por Luis María Huete Morillo. |
| 260 |
_aMadrid : _bAyuntamiento de Madrid, Primera Tenencia de Alcaldía, _c[1995] |
||
| 300 |
_a251 p. ; _c22 cm. |
||
| 650 | 1 | 4 |
_aConcejales- _zEspaña- _vLegislación. _911236 |
| 650 | 4 |
_aConcejales- _zMadrid- _vHistoria. _911237 |
|
| 700 | 1 |
_aHuete Morillo, Luis María. _964593 |
|
| 710 | 1 |
_aMadrid. _bAyuntamiento. Primera Tenencia de Alcaldía. _95582 |
|
| 852 |
_aES-MaACL _jL-20297 _bR.124371 |
||
| 999 |
_c12975 _d12975 |
||